000 00416nam a22001337a 4500
020 _a9781462519583
082 _a616.89075
100 _aJulie A. Suhr
245 _aPsychological Assessment
260 _aNew York
_bThe guilford press
_c2015
300 _a308p
942 _cBK
999 _c3438
_d3438